<?xml version="1.0" encoding="UTF-8"?>
<record
    xmlns:xsi="http://www.w3.org/2001/XMLSchema-instance"
    xsi:schemaLocation="http://www.loc.gov/MARC21/slim http://www.loc.gov/standards/marcxml/schema/MARC21slim.xsd"
    xmlns="http://www.loc.gov/MARC21/slim">

  <leader>03207nam a2200541Ia 4500</leader>
  <controlfield tag="001">3841</controlfield>
  <controlfield tag="008">241029s9999    xx            000 0 und d</controlfield>
  <datafield tag="010" ind1=" " ind2=" ">
    <subfield code="a">3603</subfield>
  </datafield>
  <datafield tag="041" ind1=" " ind2=" ">
    <subfield code="a">Espa&#xF1;ol</subfield>
  </datafield>
  <datafield tag="082" ind1=" " ind2=" ">
    <subfield code="a">2009-1.</subfield>
  </datafield>
  <datafield tag="245" ind1=" " ind2="0">
    <subfield code="a">Incidencia de la gesti&#xF3;n en la disminuci&#xF3;n de la repitencia en los estudiantes de 3er. Grado (Nivel B&#xE1;sico) en las Escuelas Felicia Hern&#xE1;ndez, Martina M. Zovain y Salom&#xE9; Ure&#xF1;a del Distrito Educativo 08-06 del 2005-2006 al 2008</subfield>
  </datafield>
  <datafield tag="260" ind1=" " ind2=" ">
    <subfield code="a">Santiago</subfield>
  </datafield>
  <datafield tag="300" ind1=" " ind2=" ">
    <subfield code="a">100</subfield>
  </datafield>
  <datafield tag="520" ind1=" " ind2=" ">
    <subfield code="a">36</subfield>
  </datafield>
  <datafield tag="630" ind1=" " ind2=" ">
    <subfield code="a">Incidencia</subfield>
  </datafield>
  <datafield tag="630" ind1=" " ind2=" ">
    <subfield code="a">Repetici&#xF3;n de Cursos</subfield>
  </datafield>
  <datafield tag="650" ind1=" " ind2=" ">
    <subfield code="a">Socio Pedagog&#xED;a</subfield>
  </datafield>
  <datafield tag="690" ind1=" " ind2=" ">
    <subfield code="a">Sintetizado</subfield>
  </datafield>
  <datafield tag="700" ind1=" " ind2=" ">
    <subfield code="e">asesor</subfield>
    <subfield code="a"> Espinal Almonte, Juan Antonio</subfield>
  </datafield>
  <datafield tag="700" ind1=" " ind2=" ">
    <subfield code="e">autor</subfield>
    <subfield code="a"> Ceballo, Esperanza Enojosa</subfield>
  </datafield>
  <datafield tag="700" ind1=" " ind2=" ">
    <subfield code="e">autor</subfield>
    <subfield code="a"> Marizan Caraballo, Natividad R.</subfield>
  </datafield>
  <datafield tag="901" ind1=" " ind2=" ">
    <subfield code="a">{"1":" Ceballo","2":" Marizan Caraballo"}</subfield>
    <subfield code="b">{"1":"Esperanza Enojosa","2":"Natividad R."}</subfield>
  </datafield>
  <datafield tag="902" ind1=" " ind2=" ">
    <subfield code="a">1</subfield>
  </datafield>
  <datafield tag="903" ind1=" " ind2=" ">
    <subfield code="a">{"1":" Espinal Almonte"}</subfield>
    <subfield code="b">{"1":"Juan Antonio"}</subfield>
  </datafield>
  <datafield tag="904" ind1=" " ind2=" ">
    <subfield code="a">Maestr&#xED;a en</subfield>
  </datafield>
  <datafield tag="905" ind1=" " ind2=" ">
    <subfield code="a">Gesti&#xF3;n de Centros Educativos</subfield>
  </datafield>
  <datafield tag="906" ind1=" " ind2=" ">
    <subfield code="a">2</subfield>
  </datafield>
  <datafield tag="907" ind1=" " ind2=" ">
    <subfield code="a">NO APLICA</subfield>
  </datafield>
  <datafield tag="908" ind1=" " ind2=" ">
    <subfield code="a">NO APLICA</subfield>
  </datafield>
  <datafield tag="909" ind1=" " ind2=" ">
    <subfield code="a">ISFODOSU, Recinto Emilio Prud'Homme</subfield>
  </datafield>
  <datafield tag="910" ind1=" " ind2=" ">
    <subfield code="a">NULL</subfield>
    <subfield code="b">NULL</subfield>
  </datafield>
  <datafield tag="911" ind1=" " ind2=" ">
    <subfield code="a">["1"]</subfield>
  </datafield>
  <datafield tag="912" ind1=" " ind2=" ">
    <subfield code="a">NO APLICA</subfield>
  </datafield>
  <datafield tag="913" ind1=" " ind2=" ">
    <subfield code="a">NULL</subfield>
  </datafield>
  <datafield tag="914" ind1=" " ind2=" ">
    <subfield code="a">12 de Enero de 2009</subfield>
  </datafield>
  <datafield tag="915" ind1=" " ind2=" ">
    <subfield code="a">20/07/15 11:07</subfield>
  </datafield>
  <datafield tag="916" ind1=" " ind2=" ">
    <subfield code="a">NULL</subfield>
  </datafield>
  <datafield tag="917" ind1=" " ind2=" ">
    <subfield code="a">NULL</subfield>
  </datafield>
  <datafield tag="918" ind1=" " ind2=" ">
    <subfield code="a">NO APLICA</subfield>
  </datafield>
  <datafield tag="919" ind1=" " ind2=" ">
    <subfield code="a">["209","178"]</subfield>
  </datafield>
  <datafield tag="520" ind1=" " ind2=" ">
    <subfield code="a">El presente estudio se realiz&#xF3; en las escuelas Felicia Hern&#xE1;ndez, Martina M. Zouain y Salom&#xE9; Ure&#xF1;a del Distrito Educativo 08-06 en los Per&#xED;odos Escolares 2005-2006, 2006 -2007 y 2007-2008, con el mismo se busca determinar el nivel de incidencia de la gesti&#xF3;n para conseguir disminuir la repitencia de los estudiantes de 3er. Grado (Nivel B&#xE1;sico) en dichos centros.En cuanto al aspecto metodol&#xF3;gico, es un estudio descriptivo de corte transversal, de tipo muestral con respecto a los estudiantes, censal con respecto a los profesores y directores, realizado con fuentes primarias y secundarias, realizada con los estudiantes repitentes de tercer grado, en los Per&#xED;odos 2005-2006, 2006-2007 de los Centros Educativos Marina M. Zouain, Felicia Hern&#xE1;ndez y Salom&#xE9; Ure&#xF1;a, pertenecientes al Distrito Educativo 08-06 de Santiago.Los resultados de dicha investigaci&#xF3;n han sido presentados por medio de cuadros y representados con gr&#xE1;ficos, cuyas informaciones m&#xE1;s relevantes son: Cierta discrepancia entre lo opinado por los maestros y lo que dijeron los directores en cuando a las estrategias utilizadas por la gesti&#xF3;n para verificar la correspondencia entre lo planificado y lo ejecutado en el proceso, en cuanto al acompa&#xF1;amiento en el aula hay mucha disparidad entre las respuestas dada por los directores y la que suministraron los docentes.El equipo de Gesti&#xF3;n aplica instrumentos controles para el acompa&#xF1;amiento de revisi&#xF3;n de la planificaci&#xF3;n.Tanto el personal docente como los directores admiten que se realizan las planificaciones de manera sistem&#xE1;tica y teniendo en cuenta todos los elementos requeridos.</subfield>
  </datafield>
  <datafield tag="921" ind1=" " ind2=" ">
    <subfield code="a">11</subfield>
  </datafield>
  <datafield tag="922" ind1=" " ind2=" ">
    <subfield code="a">11</subfield>
  </datafield>
  <datafield tag="923" ind1=" " ind2=" ">
    <subfield code="a">0</subfield>
  </datafield>
  <datafield tag="924" ind1=" " ind2=" ">
    <subfield code="a">NO APLICA</subfield>
  </datafield>
  <datafield tag="942" ind1=" " ind2=" ">
    <subfield code="c">Tesis</subfield>
  </datafield>
  <datafield tag="999" ind1=" " ind2=" ">
    <subfield code="c">3603</subfield>
    <subfield code="d">3603</subfield>
  </datafield>
</record>
